000 00617nam a2200229Ia 4500
003 OSt
005 20221005081256.0
006 a|||||r|||| 00| 0
007 ta
008 221004b |||||||| |||| 00| 0 eng d
024 _a122458
037 _bGift, 27/10/2012,
_cTextual
040 _aCRL
_cCRL
_beng
041 _2eng
_aeng
082 _aV2.J, M1
245 0 _aIndia medieval history (A.D. 1206-1761)
260 _aNew Delhi
_bPublications Division India
_c1981
300 _a134p.
_ccm.
650 _aHISTORY
942 _hV2.J, M1
_cTEXL
_2cc
999 _c987471
_d987471